[Event "IMP Mezczyzn do lat 20"]
[Site "Chotowa"]
[Date "2023.10.31"]
[Round "5.5"]
[White "Fiedorek, Michal"]
[Black "Ugorek, Kacper"]
[Result "1-0"]
[BlackElo "1999"]
[WhiteElo "2334"]
[LiveChessVersion "1.4.8"]

1. e4 {[%clk 1:30:40]} e6 {[%clk 1:30:31]} 2. d4 {[%clk 1:30:36]} d5
{[%clk 1:30:55]} 3. e5 {[%clk 1:29:57]} c5 {[%clk 1:31:19]} 4. c3
{[%clk 1:30:23]} Nc6 {[%clk 1:31:42]} 5. Nf3 {[%clk 1:30:47]} Bd7
{[%clk 1:32:01]} 6. Be2 {[%clk 1:30:46]} Qb6 {[%clk 1:32:24]} 7. O-O
{[%clk 1:29:39]} cxd4 {[%clk 1:32:08]} 8. cxd4 {[%clk 1:29:56]} Nge7
{[%clk 1:21:37]} 9. Nc3 {[%clk 1:28:47]} Ng6 {[%clk 1:17:47]} 10. h4
{[%clk 1:16:58]} h5 {[%clk 1:14:58]} 11. g3 {[%clk 1:11:46]} Nge7
{[%clk 1:13:09]} 12. Na4 {[%clk 1:09:28]} Qc7 {[%clk 1:13:01]} 13. Bg5
{[%clk 1:04:45]} Nf5 {[%clk 1:12:25]} 14. a3 {[%clk 0:59:40]} b6 {[%clk 1:06:42]}
15. Rc1 {[%clk 0:54:51]} Qb7 {[%clk 1:05:53]} 16. Nc3 {[%clk 0:54:14]} a6
{[%clk 1:04:04]} 17. Qd2 {[%clk 0:49:12]} Na5 {[%clk 1:00:57]} 18. Qf4
{[%clk 0:47:00]} b5 {[%clk 0:58:10]} 19. Bd3 {[%clk 0:41:01]} g6 {[%clk 0:54:57]}
20. Bxf5 {[%clk 0:35:49]} gxf5 {[%clk 0:55:00]} 21. Bf6 {[%clk 0:36:05]} Rg8
{[%clk 0:50:55]} 22. Ng5 {[%clk 0:35:39]} Be7 {[%clk 0:40:21]} 23. Nh7
{[%clk 0:29:38]} Rg6 {[%clk 0:40:09]} 24. Qf3 {[%clk 0:26:00]} Rg4
{[%clk 0:35:04]} 25. Bxe7 {[%clk 0:25:52]} Kxe7 {[%clk 0:35:32]} 26. Nf6
{[%clk 0:26:07]} Nc4 {[%clk 0:30:25]} 27. Nxg4 {[%clk 0:23:14]} hxg4
{[%clk 0:30:37]} 28. Qf4 {[%clk 0:23:32]} Nxb2 {[%clk 0:27:08]} 29. Qg5+
{[%clk 0:23:17]} Ke8 {[%clk 0:27:37]} 30. h5 {[%clk 0:22:49]} Bc6
{[%clk 0:27:57]} 31. Na2 {[%clk 0:13:32]} Nc4 {[%clk 0:27:01]} 32. Nb4
{[%clk 0:11:13]} Rc8 {[%clk 0:20:45]} 33. Nxc6 {[%clk 0:06:56]} Qxc6
{[%clk 0:15:29]} 34. h6 {[%clk 0:07:12]} Kd7 {[%clk 0:15:50]} 35. Qg7
{[%clk 0:07:04]} Re8 {[%clk 0:14:35]} 36. h7 {[%clk 0:05:20]} Qc8
{[%clk 0:14:57]} 37. Qxf7+ {[%clk 0:04:46]} Kc6 {[%clk 0:13:00]} 38. Kg2
{[%clk 0:05:01]} Qd7 {[%clk 0:10:56]} 39. Qg8 {[%clk 0:04:58]} Qc8
{[%clk 0:11:05]} 40. Qg7 {[%clk 0:35:11]} Rh8 {[%clk 0:40:30]} 41. Qa7
{[%clk 0:31:48]} Qb7 {[%clk 0:40:28]} 42. Qc5+ {[%clk 0:30:47]} Kd7
{[%clk 0:40:56]} 43. Rh1 {[%clk 0:25:55]} Qc7 {[%clk 0:39:19]} 44. Qb4
{[%clk 0:23:51]} Qb6 {[%clk 0:37:31]} 45. Qc3 {[%clk 0:23:10]} Qd8
{[%clk 0:31:47]} 46. a4 {[%clk 0:20:43]} Qe7 {[%clk 0:30:26]} 47. axb5
{[%clk 0:20:13]} a5 {[%clk 0:29:10]} 48. b6 {[%clk 0:15:08]} Rxh7
{[%clk 0:23:30]} 49. b7 {[%clk 0:14:58]} Kc7 {[%clk 0:22:28]} 50. Qxa5+
{[%clk 0:14:55]} Kxb7 {[%clk 0:22:48]} 51. Rb1+ {[%clk 0:15:15]} 1-0

[Event "IMP Mezczyzn do lat 20"]
[Site "Chotowa"]
[Date "2023.10.31"]
[Round "5.6"]
[White "Czernek, Tymon"]
[Black "Borowik, Wojciech"]
[Result "1-0"]
[BlackElo "1902"]
[WhiteElo "2329"]
[LiveChessVersion "1.4.8"]

1. e4 {[%clk 1:29:21]} c5 {[%clk 1:30:39]} 2. Nf3 {[%clk 1:29:44]} d6
{[%clk 1:30:35]} 3. d4 {[%clk 1:30:08]} cxd4 {[%clk 1:31:00]} 4. Nxd4
{[%clk 1:30:36]} Nf6 {[%clk 1:31:20]} 5. Nc3 {[%clk 1:31:03]} a6 {[%clk 1:31:45]}
6. Bc4 {[%clk 1:31:28]} e6 {[%clk 1:31:25]} 7. O-O {[%clk 1:31:50]} Be7
{[%clk 1:26:11]} 8. Qf3 {[%clk 1:29:34]} Qc7 {[%clk 1:23:48]} 9. Bb3
{[%clk 1:29:56]} O-O {[%clk 1:13:41]} 10. Qg3 {[%clk 1:28:17]} Nc6
{[%clk 1:11:36]} 11. Nxc6 {[%clk 1:24:23]} Qxc6 {[%clk 1:04:27]} 12. Bh6
{[%clk 1:24:26]} Ne8 {[%clk 1:03:00]} 13. Rad1 {[%clk 1:24:18]} Bd7
{[%clk 0:59:18]} 14. Rfe1 {[%clk 1:23:06]} Kh8 {[%clk 0:52:35]} 15. Bg5
{[%clk 1:21:24]} Bxg5 {[%clk 0:47:40]} 16. Qxg5 {[%clk 1:21:50]} Nf6
{[%clk 0:46:51]} 17. Qf4 {[%clk 1:20:03]} e5 {[%clk 0:39:52]} 18. Qd2
{[%clk 1:19:12]} Ne8 {[%clk 0:36:30]} 19. Qg5 {[%clk 1:19:18]} f6
{[%clk 0:34:01]} 20. Qd2 {[%clk 1:18:58]} Rd8 {[%clk 0:29:20]} 21. Re3
{[%clk 1:18:09]} f5 {[%clk 0:27:59]} 22. Nd5 {[%clk 1:15:18]} Be6
{[%clk 0:24:35]} 23. exf5 {[%clk 1:12:12]} Bxf5 {[%clk 0:12:01]} 24. Rf3
{[%clk 1:12:05]} Nc7 {[%clk 0:09:33]} 25. Rc3 {[%clk 1:11:50]} Nxd5
{[%clk 0:08:58]} 26. Rxc6 {[%clk 1:12:17]} bxc6 {[%clk 0:09:23]} 27. Bxd5
{[%clk 1:11:26]} cxd5 {[%clk 0:09:48]} 28. c3 {[%clk 1:11:08]} Be6
{[%clk 0:07:14]} 29. Qe3 {[%clk 1:11:27]} Rb8 {[%clk 0:06:34]} 30. Rd2
{[%clk 1:11:51]} Rb7 {[%clk 0:06:25]} 31. h3 {[%clk 1:12:16]} Rfb8
{[%clk 0:03:12]} 32. Qe2 {[%clk 1:12:11]} Rb6 {[%clk 0:02:19]} 33. f4
{[%clk 1:12:06]} e4 {[%clk 0:01:43]} 34. g4 {[%clk 1:12:25]} Bd7 {[%clk 0:01:37]}
35. Qf2 {[%clk 1:09:58]} Bb5 {[%clk 0:01:22]} 36. Qd4 {[%clk 1:06:11]} R6b7
{[%clk 0:01:00]} 37. Kf2 {[%clk 1:05:57]} e3+ {[%clk 0:00:45]} 38. Qxe3
{[%clk 1:05:01]} Re8 {[%clk 0:01:11]} 39. Qf3 {[%clk 1:04:28]} Rf7
{[%clk 0:00:38]} 40. f5 {[%clk 1:34:14]} Re4 {[%clk 0:30:33]} 41. Rxd5
{[%clk 1:32:15]} Rfe7 {[%clk 0:25:41]} 42. f6 {[%clk 1:32:17]} Re2+
{[%clk 0:24:16]} 43. Kg3 {[%clk 1:32:42]} Rf7 {[%clk 0:15:22]} 44. Rxb5
{[%clk 1:33:02]} 1-0

[Event "IMP Mezczyzn do lat 20"]
[Site "Chotowa"]
[Date "2023.10.31"]
[Round "5.7"]
[White "Meers, Hubert"]
[Black "Janeczko, Jakub"]
[Result "1/2-1/2"]
[BlackElo "2280"]
[WhiteElo "2256"]
[LiveChessVersion "1.4.8"]

1. e4 {[%clk 1:30:59]} c5 {[%clk 1:30:48]} 2. Nf3 {[%clk 1:31:26]} d6
{[%clk 1:31:14]} 3. Bb5+ {[%clk 1:31:47]} Nd7 {[%clk 1:31:37]} 4. d4
{[%clk 1:32:14]} cxd4 {[%clk 1:32:03]} 5. Nxd4 {[%clk 1:32:38]} Ngf6
{[%clk 1:32:30]} 6. O-O {[%clk 1:33:02]} e5 {[%clk 1:32:54]} 7. Nf5
{[%clk 1:33:29]} a6 {[%clk 1:33:21]} 8. Bxd7+ {[%clk 1:30:05]} Qxd7
{[%clk 1:33:29]} 9. Nc3 {[%clk 1:28:02]} d5 {[%clk 1:32:11]} 10. f4
{[%clk 1:18:17]} Nxe4 {[%clk 1:30:09]} 11. Nxd5 {[%clk 1:07:48]} Qc6
{[%clk 1:21:17]} 12. Nfe3 {[%clk 1:02:12]} Bc5 {[%clk 1:14:32]} 13. f5
{[%clk 0:46:28]} b5 {[%clk 1:02:46]} 14. Kh1 {[%clk 0:40:13]} Bb7
{[%clk 0:54:34]} 15. Qg4 {[%clk 0:31:43]} Nf6 {[%clk 0:39:09]} 16. Qxg7
{[%clk 0:27:38]} Nxd5 {[%clk 0:38:56]} 17. Qxh8+ {[%clk 0:27:33]} Kd7
{[%clk 0:39:16]} 18. Qg7 {[%clk 0:27:57]} Bxe3 {[%clk 0:33:01]} 19. Bxe3
{[%clk 0:25:24]} Nxe3 {[%clk 0:33:04]} 20. Qxf7+ {[%clk 0:25:45]} Kc8
{[%clk 0:31:19]} 21. Rf3 {[%clk 0:25:13]} Kb8 {[%clk 0:29:31]} 22. Qg7
{[%clk 0:24:16]} Nxg2 {[%clk 0:25:15]} 23. Qxe5+ {[%clk 0:24:41]} Ka7
{[%clk 0:26:08]} 24. Qd4+ {[%clk 0:24:54]} Kb8 {[%clk 0:26:35]} 25. Qe5+
{[%clk 0:23:44]} Ka7 26. Qd4+ {[%clk 0:22:20]} Kb8 {[%clk 0:27:03]} 27. Qe5+ Ka7
{[%clk 0:27:22]} 1/2-1/2

[Event "IMP Mezczyzn do lat 20"]
[Site "Chotowa"]
[Date "2023.10.31"]
[Round "5.8"]
[White "Redzisz, Michal"]
[Black "Pniaczek, Marek"]
[Result "1/2-1/2"]
[BlackElo "2143"]
[WhiteElo "2228"]
[LiveChessVersion "1.4.8"]

1. d4 {[%clk 1:29:03]} Nf6 {[%clk 1:30:56]} 2. c4 {[%clk 1:29:25]} e6
{[%clk 1:31:23]} 3. Nf3 {[%clk 1:29:52]} d5 {[%clk 1:30:58]} 4. Nc3
{[%clk 1:30:17]} dxc4 {[%clk 1:28:50]} 5. e4 {[%clk 1:30:43]} Bb4
{[%clk 1:29:06]} 6. Bxc4 {[%clk 1:31:10]} Nxe4 {[%clk 1:27:00]} 7. O-O
{[%clk 1:31:06]} Nf6 {[%clk 1:24:03]} 8. Qa4+ {[%clk 1:31:34]} Nc6
{[%clk 1:23:58]} 9. Ne5 {[%clk 1:32:03]} Bd6 {[%clk 1:13:02]} 10. Nxc6
{[%clk 1:31:56]} bxc6 {[%clk 1:10:39]} 11. Qxc6+ {[%clk 1:32:24]} Bd7
{[%clk 1:11:04]} 12. Qf3 {[%clk 1:32:53]} O-O {[%clk 1:08:42]} 13. Bg5
{[%clk 1:33:22]} h6 {[%clk 1:06:37]} 14. Bh4 {[%clk 1:32:10]} Rb8
{[%clk 1:04:38]} 15. b3 {[%clk 1:17:44]} Rb6 {[%clk 0:54:55]} 16. Rad1
{[%clk 0:53:27]} Re8 {[%clk 0:32:17]} 17. Rfe1 {[%clk 0:29:46]} Bc6
{[%clk 0:20:28]} 18. d5 {[%clk 0:15:17]} exd5 {[%clk 0:20:55]} 19. Bxf6
{[%clk 0:14:21]} Rxe1+ {[%clk 0:21:11]} 20. Rxe1 {[%clk 0:14:50]} Qxf6
{[%clk 0:21:32]} 21. Qxf6 {[%clk 0:15:13]} gxf6 {[%clk 0:21:58]} 22. Nxd5
{[%clk 0:14:46]} Bxd5 {[%clk 0:22:00]} 23. Bxd5 {[%clk 0:13:49]} Rb5
{[%clk 0:21:41]} 24. Rd1 {[%clk 0:11:40]} Rc5 {[%clk 0:20:01]} 25. Bc4
{[%clk 0:12:06]} Kg7 {[%clk 0:18:28]} 26. g3 {[%clk 0:12:33]} f5 {[%clk 0:05:52]}
27. f4 {[%clk 0:12:35]} Kf6 {[%clk 0:03:10]} 28. Kg2 {[%clk 0:12:23]} Kg6
{[%clk 0:02:19]} 29. Re1 {[%clk 0:11:31]} Rc6 {[%clk 0:02:15]} 30. Re8
{[%clk 0:11:12]} Bc5 {[%clk 0:02:10]} 31. Re5 {[%clk 0:11:40]} Bd6
{[%clk 0:02:17]} 32. Ra5 {[%clk 0:12:01]} Bc5 {[%clk 0:01:58]} 33. Bd3
{[%clk 0:09:48]} Bb6 {[%clk 0:01:41]} 34. Rxf5 {[%clk 0:01:53]} Rd6
{[%clk 0:01:51]} 35. Be4 {[%clk 0:00:59]} Rd2+ {[%clk 0:02:17]} 36. Kh3
{[%clk 0:01:13]} Kg7 {[%clk 0:02:02]} 37. a4 {[%clk 0:01:23]} Bg1
{[%clk 0:02:04]} 38. Bg2 {[%clk 0:01:42]} Rb2 {[%clk 0:01:48]} 39. Rb5
{[%clk 0:00:47]} Kf6 {[%clk 0:00:40]} 40. Rb7 {[%clk 0:30:37]} Bb6
{[%clk 0:30:39]} 41. Rb8 {[%clk 0:30:41]} a5 {[%clk 0:29:23]} 42. Bd5
{[%clk 0:29:04]} Rd2 {[%clk 0:19:13]} 43. Be4 {[%clk 0:11:09]} Bg1
{[%clk 0:15:42]} 44. Bg2 {[%clk 0:11:34]} Bb6 {[%clk 0:15:56]} 45. Be4
{[%clk 0:11:12]} Bg1 {[%clk 0:16:03]} 46. Bg2 {[%clk 0:10:23]} Bb6
{[%clk 0:16:31]} 1/2-1/2

[Event "IMP Mezczyzn do lat 20"]
[Site "Chotowa"]
[Date "2023.10.31"]
[Round "5.9"]
[White "Kacprzak, Kacper"]
[Black "Marciniak, Leonard"]
[Result "1-0"]
[BlackElo "1856"]
[WhiteElo "2250"]
[LiveChessVersion "1.4.8"]

1. e4 {[%clk 1:30:59]} e5 {[%clk 1:30:47]} 2. Nf3 {[%clk 1:31:23]} Nc6
{[%clk 1:31:10]} 3. Bb5 {[%clk 1:31:49]} Nf6 {[%clk 1:31:31]} 4. d3
{[%clk 1:32:02]} Bc5 {[%clk 1:31:51]} 5. Bxc6 {[%clk 1:32:20]} dxc6
{[%clk 1:32:03]} 6. Nbd2 {[%clk 1:32:46]} O-O {[%clk 1:31:10]} 7. Nc4
{[%clk 1:31:27]} Nd7 {[%clk 1:31:13]} 8. c3 {[%clk 1:29:00]} Re8 {[%clk 1:28:50]}
9. O-O {[%clk 1:28:54]} f6 {[%clk 1:26:44]} 10. d4 {[%clk 1:25:16]} exd4
{[%clk 1:22:59]} 11. cxd4 {[%clk 1:25:39]} Bf8 {[%clk 1:17:55]} 12. Re1
{[%clk 1:24:34]} Nb6 {[%clk 1:15:27]} 13. b3 {[%clk 1:19:10]} Bg4
{[%clk 1:12:13]} 14. Bb2 {[%clk 1:08:20]} c5 {[%clk 1:00:04]} 15. d5
{[%clk 0:50:46]} Nxc4 {[%clk 0:45:08]} 16. bxc4 {[%clk 0:51:11]} Qd7
{[%clk 0:45:30]} 17. Qd3 {[%clk 0:47:44]} Bxf3 {[%clk 0:41:43]} 18. Qxf3
{[%clk 0:47:33]} b5 {[%clk 0:41:48]} 19. cxb5 {[%clk 0:43:59]} Qxb5
{[%clk 0:41:42]} 20. Bc3 {[%clk 0:41:28]} Qc4 {[%clk 0:31:19]} 21. Re3
{[%clk 0:37:03]} Bd6 {[%clk 0:25:59]} 22. Qe2 {[%clk 0:30:25]} Qxe2
{[%clk 0:15:51]} 23. Rxe2 {[%clk 0:30:54]} c6 {[%clk 0:12:56]} 24. Rd1
{[%clk 0:21:24]} cxd5 {[%clk 0:13:03]} 25. Rxd5 {[%clk 0:21:52]} Re6
{[%clk 0:11:39]} 26. f3 {[%clk 0:21:32]} Rc8 {[%clk 0:09:40]} 27. Red2
{[%clk 0:18:47]} Rc6 {[%clk 0:08:17]} 28. g3 {[%clk 0:17:56]} Bc7
{[%clk 0:08:16]} 29. Kf2 {[%clk 0:16:44]} Bb6 {[%clk 0:07:35]} 30. Ke2
{[%clk 0:17:04]} Kf7 {[%clk 0:07:38]} 31. Kd3 {[%clk 0:13:59]} c4+
{[%clk 0:07:42]} 32. Kc2 {[%clk 0:14:05]} Be3 {[%clk 0:06:44]} 33. Rd7+
{[%clk 0:12:34]} Re7 {[%clk 0:01:39]} 34. Bb4 {[%clk 0:12:31]} Bc5
{[%clk 0:00:54]} 35. Bxc5 {[%clk 0:12:11]} Rxc5 {[%clk 0:01:23]} 36. Kc3
{[%clk 0:12:36]} Ke8 {[%clk 0:00:53]} 37. Rxe7+ {[%clk 0:11:05]} Kxe7
{[%clk 0:01:22]} 38. Rd5 {[%clk 0:11:21]} Rc6 {[%clk 0:01:21]} 39. Ra5
{[%clk 0:10:59]} Rc7 {[%clk 0:01:07]} 40. Ra4 {[%clk 0:41:03]} Ke6
{[%clk 0:30:43]} 41. Rxc4 {[%clk 0:41:22]} Rb7 {[%clk 0:30:09]} 42. Rc6+
{[%clk 0:38:54]} Kf7 {[%clk 0:28:10]} 43. Ra6 {[%clk 0:32:28]} Rc7+
{[%clk 0:28:19]} 44. Kd2 {[%clk 0:32:40]} Rd7+ {[%clk 0:28:32]} 45. Ke3
{[%clk 0:33:02]} Ke7 {[%clk 0:27:46]} 46. h4 {[%clk 0:33:13]} Kf7
{[%clk 0:24:50]} 47. h5 {[%clk 0:31:39]} h6 {[%clk 0:21:00]} 48. f4
{[%clk 0:29:05]} Rc7 {[%clk 0:18:19]} 49. Kf3 {[%clk 0:21:33]} Rc3+
{[%clk 0:18:12]} 50. Kg4 {[%clk 0:21:57]} Rc7 {[%clk 0:18:03]} 51. Kf5
{[%clk 0:22:18]} Rb7 {[%clk 0:16:11]} 52. g4 {[%clk 0:21:37]} Rc7
{[%clk 0:16:14]} 53. e5 {[%clk 0:19:53]} fxe5 {[%clk 0:15:08]} 54. fxe5
{[%clk 0:20:13]} Rb7 {[%clk 0:14:47]} 55. Rd6 {[%clk 0:14:00]} Ke7
{[%clk 0:12:52]} 56. Re6+ {[%clk 0:09:40]} Kf7 {[%clk 0:12:57]} 57. Rc6
{[%clk 0:09:37]} Ke7 {[%clk 0:11:00]} 58. Kg6 {[%clk 0:08:16]} Rb4
{[%clk 0:10:34]} 59. Kxg7 {[%clk 0:08:24]} Rxg4+ {[%clk 0:10:52]} 60. Kxh6
{[%clk 0:08:51]} Ra4 {[%clk 0:11:02]} 61. Kg7 {[%clk 0:08:14]} Rxa2
{[%clk 0:11:02]} 62. h6 {[%clk 0:08:36]} Rg2+ {[%clk 0:10:06]} 63. Rg6
{[%clk 0:09:02]} 1-0

[Event "IMP Mezczyzn do lat 20"]
[Site "Chotowa"]
[Date "2023.10.31"]
[Round "5.10"]
[White "Zalega, Maciej"]
[Black "Zielonka, Adam"]
[Result "0-1"]
[BlackElo "2059"]
[WhiteElo "2155"]
[LiveChessVersion "1.4.8"]

1. e4 {[%clk 1:29:49]} e5 {[%clk 1:30:51]} 2. Nf3 {[%clk 1:30:01]} Nc6
{[%clk 1:31:09]} 3. Bc4 {[%clk 1:30:29]} Bc5 {[%clk 1:31:32]} 4. c3
{[%clk 1:30:56]} Nf6 {[%clk 1:31:40]} 5. d4 {[%clk 1:31:22]} exd4
{[%clk 1:32:04]} 6. b4 {[%clk 1:31:50]} Be7 {[%clk 1:29:11]} 7. e5
{[%clk 1:31:27]} Ne4 {[%clk 1:28:41]} 8. b5 {[%clk 1:31:12]} Na5 {[%clk 1:27:58]}
9. Bd3 {[%clk 1:31:37]} Nxc3 {[%clk 1:28:11]} 10. Nxc3 {[%clk 1:31:46]} dxc3
{[%clk 1:28:36]} 11. Qa4 {[%clk 1:29:49]} c5 {[%clk 1:26:34]} 12. Qg4
{[%clk 1:22:02]} g6 {[%clk 1:26:50]} 13. Ng5 {[%clk 1:15:13]} d5 {[%clk 1:16:13]}
14. e6 {[%clk 1:14:14]} Bxg5 {[%clk 1:08:50]} 15. Bxg5 {[%clk 1:14:27]} f6
{[%clk 1:09:15]} 16. Be3 {[%clk 0:56:32]} Qe7 {[%clk 1:02:29]} 17. Bxc5
{[%clk 0:50:25]} Qxc5 {[%clk 0:46:10]} 18. Bxg6+ {[%clk 0:50:50]} Kd8
{[%clk 0:44:03]} 19. Be4 {[%clk 0:42:04]} Bxe6 {[%clk 0:37:32]} 20. Qxe6
{[%clk 0:37:44]} Re8 {[%clk 0:37:52]} 21. Qxf6+ {[%clk 0:38:10]} Qe7
{[%clk 0:38:16]} 22. Qxe7+ {[%clk 0:38:37]} Rxe7 {[%clk 0:38:41]} 23. O-O-O
{[%clk 0:39:03]} Rxe4 {[%clk 0:38:54]} 24. Rxd5+ {[%clk 0:39:29]} Kc7
{[%clk 0:33:28]} 25. Rc5+ {[%clk 0:39:30]} Kb6 {[%clk 0:33:52]} 26. Rxc3
{[%clk 0:39:56]} Rd8 {[%clk 0:26:22]} 27. Rf1 {[%clk 0:39:38]} Kxb5
{[%clk 0:25:20]} 28. f4 {[%clk 0:39:59]} Kb4 {[%clk 0:24:25]} 29. Rc7
{[%clk 0:39:37]} b5 {[%clk 0:19:06]} 30. Rf3 {[%clk 0:37:10]} Re1+
{[%clk 0:18:22]} 31. Kc2 {[%clk 0:37:35]} Re2+ {[%clk 0:18:34]} 32. Kc1
{[%clk 0:37:39]} Rxa2 {[%clk 0:18:28]} 33. f5 {[%clk 0:37:55]} Nb3+
{[%clk 0:17:34]} 34. Kb1 {[%clk 0:38:23]} Ra1+ {[%clk 0:17:58]} 35. Kb2
{[%clk 0:38:51]} Rd2+ {[%clk 0:18:22]} 0-1

[Event "IMP Mezczyzn do lat 20"]
[Site "Chotowa"]
[Date "2023.10.31"]
[Round "5.11"]
[White "Kondys, Piotr"]
[Black "Stachowicz, Hubert"]
[Result "0-1"]
[BlackElo "1583"]
[WhiteElo "2122"]
[LiveChessVersion "1.4.8"]

1. e4 {[%clk 1:30:29]} c5 {[%clk 1:30:57]} 2. Nf3 {[%clk 1:30:46]} Nc6
{[%clk 1:31:20]} 3. Bb5 {[%clk 1:31:00]} e6 {[%clk 1:31:27]} 4. Bxc6
{[%clk 1:30:44]} bxc6 {[%clk 1:31:49]} 5. d3 {[%clk 1:30:27]} d5 {[%clk 1:30:41]}
6. Nbd2 {[%clk 1:26:38]} Ne7 {[%clk 1:29:46]} 7. h4 {[%clk 1:24:43]} Ba6
{[%clk 1:16:36]} 8. b3 {[%clk 1:16:18]} Nc8 {[%clk 1:09:54]} 9. Bb2
{[%clk 1:10:32]} Nb6 {[%clk 1:04:55]} 10. c4 {[%clk 1:00:33]} f6 {[%clk 0:57:39]}
11. h5 {[%clk 0:41:41]} Be7 {[%clk 0:43:44]} 12. Qe2 {[%clk 0:34:22]} Qd7
{[%clk 0:35:50]} 13. a4 {[%clk 0:34:08]} O-O-O {[%clk 0:30:23]} 14. O-O-O
{[%clk 0:33:13]} g5 {[%clk 0:26:47]} 15. Nh2 {[%clk 0:30:08]} Rhf8
{[%clk 0:25:05]} 16. Rhe1 {[%clk 0:23:36]} d4 {[%clk 0:21:24]} 17. e5
{[%clk 0:18:16]} f5 {[%clk 0:21:13]} 18. g4 {[%clk 0:17:33]} Kb8 {[%clk 0:17:21]}
19. Ndf1 {[%clk 0:17:04]} Bc8 {[%clk 0:16:28]} 20. Kc2 {[%clk 0:15:55]} Na8
{[%clk 0:15:55]} 21. Bc1 {[%clk 0:16:19]} Nc7 {[%clk 0:12:56]} 22. Ng3
{[%clk 0:16:47]} Na6 {[%clk 0:12:10]} 23. Kb2 {[%clk 0:15:42]} Nb4
{[%clk 0:11:25]} 24. Nf3 {[%clk 0:14:57]} h6 {[%clk 0:11:21]} 25. Nh2
{[%clk 0:14:11]} Ka8 {[%clk 0:10:32]} 26. Nf3 {[%clk 0:12:16]} Qc7
{[%clk 0:10:37]} 27. Nh2 {[%clk 0:10:59]} Rf7 {[%clk 0:10:24]} 28. Rg1
{[%clk 0:10:24]} Rdf8 {[%clk 0:10:13]} 29. gxf5 {[%clk 0:09:08]} exf5
{[%clk 0:10:05]} 30. f4 {[%clk 0:09:37]} Be6 {[%clk 0:06:14]} 31. Qf3
{[%clk 0:08:55]} Rg8 {[%clk 0:06:02]} 32. Bd2 {[%clk 0:06:01]} gxf4
{[%clk 0:04:37]} 33. Bxf4 {[%clk 0:06:25]} Bg5 {[%clk 0:04:43]} 34. Ne2
{[%clk 0:05:13]} Rfg7 {[%clk 0:04:50]} 35. Qf2 {[%clk 0:05:04]} Qf7
{[%clk 0:04:14]} 36. Qf3 {[%clk 0:04:26]} Qd7 {[%clk 0:03:37]} 37. Qf2
{[%clk 0:04:33]} Qe8 {[%clk 0:02:14]} 38. Qf3 {[%clk 0:02:09]} Bf7
{[%clk 0:02:08]} 39. Ng3 {[%clk 0:02:06]} Bxf4 {[%clk 0:01:46]} 40. Qxf4
{[%clk 0:32:35]} Bxh5 {[%clk 0:31:51]} 41. Rd2 {[%clk 0:33:04]} Qe6
{[%clk 0:26:01]} 42. Nhf1 {[%clk 0:28:54]} Rg4 {[%clk 0:18:24]} 43. Qf2
{[%clk 0:28:18]} f4 {[%clk 0:16:00]} 44. Ne2 {[%clk 0:28:05]} Rxg1
{[%clk 0:15:40]} 45. Nxg1 {[%clk 0:28:26]} Qxe5 {[%clk 0:15:33]} 46. Nf3
{[%clk 0:27:40]} Qf5 {[%clk 0:14:00]} 47. Ne1 {[%clk 0:27:27]} Bg4
{[%clk 0:11:44]} 48. Ka3 {[%clk 0:27:00]} h5 {[%clk 0:11:48]} 49. Qh4
{[%clk 0:26:03]} Re8 {[%clk 0:11:33]} 50. Qf2 {[%clk 0:26:15]} f3
{[%clk 0:10:57]} 51. Qg3 {[%clk 0:25:19]} Qe5 {[%clk 0:10:56]} 0-1

[Event "IMP Mezczyzn do lat 20"]
[Site "Chotowa"]
[Date "2023.10.31"]
[Round "5.12"]
[White "Suska, Szymon"]
[Black "Karut, Kacper"]
[Result "1/2-1/2"]
[BlackElo "2093"]
[WhiteElo "2040"]
[LiveChessVersion "1.4.8"]

1. Nf3 {[%clk 1:30:30]} Nf6 {[%clk 1:30:13]} 2. d4 {[%clk 1:30:40]} d5
{[%clk 1:30:12]} 3. c4 {[%clk 1:30:29]} c6 {[%clk 1:28:19]} 4. Nc3
{[%clk 1:30:48]} e6 {[%clk 1:26:30]} 5. Bg5 {[%clk 1:29:22]} Be7 {[%clk 1:26:24]}
6. e3 {[%clk 1:29:27]} O-O {[%clk 1:24:45]} 7. cxd5 {[%clk 1:28:44]} Nxd5
{[%clk 1:21:03]} 8. Bxe7 {[%clk 1:28:44]} Qxe7 {[%clk 1:19:03]} 9. Bd3
{[%clk 1:23:35]} Nd7 {[%clk 1:16:11]} 10. O-O {[%clk 1:13:29]} b6
{[%clk 1:04:22]} 11. Nxd5 {[%clk 1:12:50]} cxd5 {[%clk 1:01:01]} 12. Qc2
{[%clk 1:09:44]} Nf6 {[%clk 0:55:56]} 13. Rac1 {[%clk 1:08:20]} Bd7
{[%clk 0:49:56]} 14. Ne5 {[%clk 1:06:35]} Rfc8 {[%clk 0:44:07]} 15. Qb3
{[%clk 0:59:14]} Rxc1 {[%clk 0:43:14]} 16. Rxc1 {[%clk 0:59:38]} Rc8
{[%clk 0:42:54]} 17. Rxc8+ {[%clk 0:58:07]} Bxc8 {[%clk 0:43:18]} 18. Qc2
{[%clk 0:57:47]} Bb7 {[%clk 0:41:01]} 19. a3 {[%clk 0:56:23]} h6 {[%clk 0:36:11]}
20. h3 {[%clk 0:56:46]} Qd6 {[%clk 0:33:57]} 21. Qc3 {[%clk 0:55:59]} Nd7
{[%clk 0:33:29]} 22. Nxd7 {[%clk 0:56:20]} Qxd7 {[%clk 0:33:56]} 23. b3
{[%clk 0:55:50]} Bc6 {[%clk 0:33:05]} 24. Qb4 {[%clk 0:55:46]} Bb7
{[%clk 0:32:59]} 25. Qc3 {[%clk 0:56:10]} Bc6 {[%clk 0:33:19]} 26. Qb4
{[%clk 0:56:36]} Bb7 {[%clk 0:33:24]} 27. Qc3 {[%clk 0:56:59]} Bc6 1/2-1/2